003770000a2200133000450024500640000065000190006465000250008365000160010865000180012465100130014204100130015510000190016877300560018710aDistribution and systematics of bats in the Lesser Antilles14aBiogeografía14aSistemática animal14aEvolución14aMurciélagos 4pAntillas0 aInglés1 aJones, J. Knox1 tBiogeography of the West Indies3237q645-660d1989